[Event "Dhaka Chowdhury Memorial op-B 2nd"]
[Site "Dhaka"]
[Date "2022.07.07"]
[Round "8"]
[White "Md Nesar, Uddin"]
[Black "Md, Mutakabbir"]
[Result "0-1"]
[WhiteElo "1727"]
[BlackElo "1834"]
[PlyCount "34"]
[EventDate "2022.07.02"]
[EventType "swiss"]
[EventRounds "9"]
[EventCountry "BAN"]
[SourceTitle "EXT 2024"]
[Source "ChessBase"]
[SourceDate "2023.10.10"]
[SourceVersion "1"]
[SourceVersionDate "2023.10.10"]
[SourceQuality "1"]

1. d4 c5 2. d5 Nf6 3. c4 e6 4. dxe6 fxe6 5. Nc3 Be7 6. e4 Nc6 7. Nf3 d6 8. Bd3 0-0 9. 0-0 a6 10. Qe2 Nd4 11. Qd1 e5 12. h3 h6 13. b3 Nxf3+ 14. gxf3 Bxh3 15. Re1 Qe8 16. Kh2 Be6 17. Rg1 Qh5+ 0-1

[Event "BAN-chB 44th"]
[Site "Dhaka"]
[Date "2018.11.14"]
[Round "2"]
[White "Subrota, Biswas"]
[Black "Md, Mutakabbir"]
[Result "1-0"]
[WhiteElo "2126"]
[BlackElo "1937"]
[PlyCount "99"]
[EventDate "2018.11.13"]
[EventType "swiss"]
[EventRounds "9"]
[EventCountry "BAN"]
[SourceTitle "CBM 187 Extra"]
[Source "ChessBase"]
[SourceDate "2018.11.04"]
[SourceVersion "1"]
[SourceVersionDate "2018.11.04"]
[SourceQuality "1"]

1. e4 e6 2. d4 d5 3. Nc3 Bb4 4. e5 c5 5. a3 Bxc3+ 6. bxc3 Ne7 7. Qg4 Qc7 8. Qxg7 Rg8 9. Qxh7 cxd4 10. Ne2 Nbc6 11. f4 Bd7 12. Qd3 dxc3 13. Qxc3 0-0-0 14. h4 Nf5 15. h5 Ncd4 16. Qxc7+ Kxc7 17. Nxd4 Nxd4 18. Ra2 Ba4 19. c3 Nb3 20. Be3 Rg3 21. Kf2 Rdg8 22. h6 R3g6 23. h7 Rh8 24. Bd3 Rg7 25. Bc2 d4 26. cxd4 Bc6 27. Rh2 Na5 28. Bd3 Bd5 29. Rc2+ Nc6 30. Rc1 Kd7 31. Rg1 Ne7 32. g4 Ng6 33. f5 Nf8 34. f6 Rgxh7 35. Bxh7 Rxh7 36. Rxh7 Nxh7 37. Rg3 a6 38. Bd2 Be4 39. Rh3 Kc6 40. Rc3+ Kd7 41. Rc1 Nf8 42. Ke3 Bc6 43. Kf4 Ke8 44. Kg5 Ng6 45. Kh6 Nh4 46. Kg7 Nf3 47. Rh1 Nxd2 48. Rh8+ Kd7 49. Kxf7 Nf3 50. Kg7 1-0

[Event "Dhaka Walton op 07"]
[Site "Dhaka"]
[Date "2018.07.12"]
[Round "9"]
[White "Md, Mutakabbir"]
[Black "Chowdhury, Sohel"]
[Result "1/2-1/2"]
[WhiteElo "1901"]
[BlackElo "2003"]
[PlyCount "25"]
[EventDate "2018.07.04"]
[EventType "swiss"]
[EventRounds "9"]
[EventCountry "BAN"]
[SourceTitle "EXT 2019"]
[Source "ChessBase"]
[SourceDate "2018.10.10"]
[SourceVersion "1"]
[SourceVersionDate "2018.10.10"]
[SourceQuality "1"]

1. e4 e5 2. Nf3 Nc6 3. d4 exd4 4. Bc4 Nf6 5. e5 d5 6. Bb5 Ne4 7. Nxd4 Bd7 8. Bxc6 bxc6 9. 0-0 Bc5 10. Be3 0-0 11. f3 Ng5 12. Qd2 Ne6 13. Nc3 1/2-1/2

[Event "Dhaka Walton op"]
[Site "Dhaka"]
[Date "2018.05.29"]
[Round "4"]
[White "Mohammad Fahad, Rahman"]
[Black "Md, Mutakabbir"]
[Result "1-0"]
[WhiteElo "2296"]
[BlackElo "1852"]
[PlyCount "101"]
[EventDate "2018.05.26"]
[EventType "swiss"]
[EventRounds "9"]
[EventCountry "BAN"]
[SourceTitle "CBM 184 Extra"]
[Source "ChessBase"]
[SourceDate "2018.06.28"]
[SourceVersion "1"]
[SourceVersionDate "2018.06.28"]
[SourceQuality "1"]

1. e4 e6 2. d4 d5 3. Nc3 Bb4 4. Nge2 Nf6 5. Bg5 Be7 6. e5 Nfd7 7. Bxe7 Qxe7 8. Ng3 a6 9. Qg4 f5 10. exf6 Nxf6 11. Qh4 c5 12. dxc5 Qxc5 13. Bd3 Nc6 14. 0-0 Ne5 15. Rae1 Nxd3 16. cxd3 0-0 17. Re5 Bd7 18. Nh5 Nxh5 19. Rxh5 h6 20. Qg4 Kh7 21. Nxd5 exd5 22. Qxd7 Rae8 23. g3 Re1 24. Rf5 Re7 25. Rxd5 Rxd7 26. Rxc5 Rxd3 27. Rc2 Rf6 28. Re1 Rd7 29. Kg2 Rdf7 30. Re5 Kg6 31. b3 Kh7 32. Rd2 Rc6 33. Red5 Rcf6 34. h4 Rf3 35. Re5 Rc3 36. h5 Rcf3 37. Rc2 R3f6 38. Rce2 Rf3 39. Rd2 R3f6 40. f4 Rc6 41. Kh3 Rc3 42. Rd8 g6 43. hxg6+ Kxg6 44. Kh4 Kh7 45. Ree8 Rg7 46. Rh8+ Kg6 47. g4 Re7 48. Rd6+ Kg7 49. Rdxh6 Ree3 50. Kg5 Rc2 51. R6h7# 1-0

[Event "Dhaka Walton op"]
[Site "Dhaka"]
[Date "2018.05.28"]
[Round "3"]
[White "Md, Mutakabbir"]
[Black "Shawket Bin, Osman Shaon"]
[Result "0-1"]
[WhiteElo "1852"]
[BlackElo "2092"]
[PlyCount "52"]
[EventDate "2018.05.26"]
[EventType "swiss"]
[EventRounds "9"]
[EventCountry "BAN"]
[SourceTitle "CBM 184 Extra"]
[Source "ChessBase"]
[SourceDate "2018.06.28"]
[SourceVersion "1"]
[SourceVersionDate "2018.06.28"]
[SourceQuality "1"]

1. e4 c5 2. Nf3 e6 3. d4 cxd4 4. Nxd4 a6 5. Bd3 Nf6 6. Be3 Qc7 7. 0-0 d6 8. Nc3 Nbd7 9. f4 b5 10. a3 Bb7 11. Nf3 Ng4 12. Qe1 Nxe3 13. Qxe3 Nf6 14. e5 dxe5 15. Qxe5 Bd6 16. Qg5 Bxf4 17. Qxg7 Ke7 18. Ng5 Qc5+ 19. Kh1 Qxg5 20. Qxg5 Bxg5 21. Rae1 Rhg8 22. Re2 h5 23. h3 h4 24. Kh2 Rg7 25. Ref2 Rag8 26. Re1 Bf4+ 0-1

[Event "Dhaka Walton op"]
[Site "Dhaka"]
[Date "2018.05.27"]
[Round "2"]
[White "Bhuiyan, Golam Mostafa"]
[Black "Md, Mutakabbir"]
[Result "0-1"]
[WhiteElo "2101"]
[BlackElo "1852"]
[PlyCount "62"]
[EventDate "2018.05.26"]
[EventType "swiss"]
[EventRounds "9"]
[EventCountry "BAN"]
[SourceTitle "CBM 184 Extra"]
[Source "ChessBase"]
[SourceDate "2018.06.28"]
[SourceVersion "1"]
[SourceVersionDate "2018.06.28"]
[SourceQuality "1"]

1. e4 e6 2. d4 d5 3. Nd2 Nf6 4. e5 Nfd7 5. f4 c5 6. c3 Nc6 7. Ngf3 Qb6 8. Nb3 a5 9. a4 cxd4 10. cxd4 Bb4+ 11. Kf2 f6 12. Be3 0-0 13. Bd3 h6 14. g4 fxe5 15. fxe5 Be7 16. h4 Ndxe5 17. dxe5 d4 18. Kg2 dxe3 19. g5 Qb4 20. Rh3 Qf4 21. Bb1 Nxe5 22. Qc2 Rf5 23. Nbd4 Nxf3 24. Nxf3 Bd7 25. Qb3 Rd5 26. Qc2 Rd2+ 27. Nxd2 Qf2+ 28. Kh1 Bc6+ 29. Ne4 e2 30. Ba2 e1Q+ 31. Rxe1 Qxc2 0-1

[Event "BAN-chT2"]
[Site "Dhaka"]
[Date "2017.10.23"]
[Round "2.2"]
[White "Rana Pratap, Singha"]
[Black "Md, Mutakabbir"]
[Result "1-0"]
[WhiteElo "1858"]
[BlackElo "1883"]
[PlyCount "73"]
[EventDate "2017.10.22"]
[EventType "team-swiss"]
[EventRounds "7"]
[EventCountry "BAN"]
[SourceTitle "CBM 181 Extra"]
[Source "ChessBase"]
[SourceDate "2017.12.12"]
[SourceVersion "1"]
[SourceVersionDate "2017.12.12"]
[SourceQuality "1"]
[WhiteTeam "Chess Q"]
[BlackTeam "Abdus Sattar Memorial"]
[WhiteTeamCountry "BAN"]
[BlackTeamCountry "BAN"]

1. d4 c5 2. c3 e6 3. g3 d5 4. Bg2 Nf6 5. Nf3 Be7 6. 0-0 0-0 7. Nbd2 Nc6 8. Re1 h6 9. a3 Qb6 10. e3 Bd7 11. b4 cxd4 12. cxd4 a5 13. bxa5 Rxa5 14. Nb3 Rb5 15. Nfd2 Ra8 16. Bf1 e5 17. Bxb5 Qxb5 18. Qe2 Qb6 19. Kg2 Bg4 20. f3 Bf5 21. g4 Bc2 22. dxe5 Nxe5 23. Nd4 Bd3 24. Qd1 Nc4 25. Qb3 Nxe3+ 26. Rxe3 Qxd4 27. Rxe7 Qxa1 28. Bb2 Bc4 29. Qxb7 Qd1 30. Qxa8+ Kh7 31. Qa5 Ne4 32. Rxe4 dxe4 33. Qc3 exf3+ 34. Nxf3 Qf1+ 35. Kg3 f6 36. a4 Bd3 37. Qe1 1-0

[Event "Dhaka Powertec op-B"]
[Site "Dhaka"]
[Date "2017.07.23"]
[Round "9"]
[White "Md, Mutakabbir"]
[Black "Islam, Sheik Md Khairul"]
[Result "1-0"]
[WhiteElo "1797"]
[BlackElo "1965"]
[PlyCount "57"]
[EventDate "2017.07.15"]
[EventType "swiss"]
[EventRounds "9"]
[EventCountry "BAN"]
[SourceTitle "EXT 2018"]
[Source "ChessBase"]
[SourceDate "2017.10.13"]
[SourceVersion "1"]
[SourceVersionDate "2017.10.13"]
[SourceQuality "1"]

1. e4 c6 2. d4 d5 3. Nc3 e6 4. Bd3 Nf6 5. e5 Nfd7 6. f4 c5 7. Nf3 Nc6 8. Be3 a6 9. dxc5 Bxc5 10. Bxc5 Nxc5 11. a3 b5 12. 0-0 Qb6 13. Kh1 Bb7 14. f5 0-0 15. Rc1 Kh8 16. b4 Nd7 17. Qe2 Nd4 18. Qe3 Nxf3 19. Qxb6 Nxb6 20. Rxf3 Rfc8 21. Ne2 Nc4 22. Bxc4 dxc4 23. Rf4 g5 24. fxg6 fxg6 25. Nd4 Rd8 26. c3 Rd5 27. Re1 h5 28. h3 a5 29. Kg1 1-0

[Event "Dhaka SGS op"]
[Site "Dhaka"]
[Date "2017.06.08"]
[Round "6"]
[White "Md, Mutakabbir"]
[Black "Mukitul, Islam Ripon"]
[Result "1-0"]
[WhiteElo "1717"]
[BlackElo "1932"]
[PlyCount "137"]
[EventDate "2017.06.03"]
[EventType "swiss"]
[EventRounds "9"]
[EventCountry "BAN"]
[SourceTitle "EXT 2019"]
[Source "ChessBase"]
[SourceDate "2018.10.10"]
[SourceVersion "1"]
[SourceVersionDate "2018.10.10"]
[SourceQuality "1"]

1. e4 d5 2. exd5 Qxd5 3. Nc3 Qa5 4. d4 c6 5. Bc4 Nf6 6. Nf3 Bg4 7. h3 Bh5 8. 0-0 e6 9. Re1 Bb4 10. Bd2 0-0 11. a3 Bxc3 12. Bxc3 Qc7 13. Be2 Bxf3 14. Bxf3 Nbd7 15. Qd2 Nd5 16. Bxd5 cxd5 17. Qg5 Nf6 18. Re3 h6 19. Qh4 Kh7 20. Re5 Ne4 21. Bb4 Rfe8 22. f3 g5 23. Qe1 f6 24. Rxe4 dxe4 25. Qxe4+ f5 26. Qd3 Rac8 27. Rc1 Rcd8 28. c4 Qf4 29. Rd1 Rd7 30. Bc3 h5 31. Kf2 h4 32. Qe3 Qg3+ 33. Kg1 Kg6 34. d5 Qb8 35. Bd2 Qd8 36. dxe6 Rd6 37. c5 Rdxe6 38. Qb3 Qd4+ 39. Kh1 Qxc5 40. Bc3 Qc7 41. Qa4 b6 42. Qd4 a5 43. Rf1 Rd6 44. Qa4 Qd7 45. Qb3 Qc6 46. Kg1 Rd3 47. a4 Red8 48. Re1 Qd6 49. f4 Qxf4 50. Kh1 Re3 51. Qxb6+ Rd6 52. Qxe3 Qxa4 53. Qe7 Qd7 54. Qxd7 Rxd7 55. Bxa5 g4 56. hxg4 fxg4 57. b4 Rd5 58. Bb6 Kf5 59. Rc1 Kf4 60. Bc5 Rd2 61. b5 Rb2 62. b6 Kg3 63. Bd6+ Kf2 64. Be5 Rb5 65. Bd4+ Kg3 66. Bg1 h3 67. Rc3+ Kh4 68. g3+ Kg5 69. Rc5+ 1-0